<?xml version="1.0" encoding="UTF-8"?>
<record
    xmlns:xsi="http://www.w3.org/2001/XMLSchema-instance"
    xsi:schemaLocation="http://www.loc.gov/MARC21/slim http://www.loc.gov/standards/marcxml/schema/MARC21slim.xsd"
    xmlns="http://www.loc.gov/MARC21/slim">

  <leader>00693nam a22001217a 4500</leader>
  <datafield tag="040" ind1=" " ind2=" ">
    <subfield code="c">RUA</subfield>
  </datafield>
  <datafield tag="082" ind1=" " ind2=" ">
    <subfield code="a">AGR SIE 2024 B542 Or.1</subfield>
  </datafield>
  <datafield tag="100" ind1=" " ind2=" ">
    <subfield code="a">SIEN SOKHOUR, &#x179F;&#x17C0;&#x1793; &#x179F;&#x17BB;&#x1781;&#x17A0;&#x17BD;&#x179A;</subfield>
  </datafield>
  <datafield tag="245" ind1=" " ind2=" ">
    <subfield code="a">Effect Of Different Level Of 15.15.15 NPK-Fertilizers On Bitter Egg Plant In Royal University Of Agriculture Condition, &#x17A5;&#x1791;&#x17D2;&#x1792;&#x17B7;&#x1796;&#x179B;&#x1780;&#x1798;&#x17D2;&#x179A;&#x17B7;&#x178F;&#x1787;&#x17B8;&#x1780;&#x17C2;&#x1784; (&#x17E1;&#x17E5;.&#x17E1;&#x17E5;.&#x17E1;&#x17E5;) &#x1781;&#x17BB;&#x179F;&#x17D7;&#x1782;&#x17D2;&#x1793;&#x17B6;&#x179B;&#x17BE;&#x178A;&#x17C6;&#x178E;&#x17B6;&#x17C6;&#x178F;&#x17D2;&#x179A;&#x1794;&#x17CB;&#x179F;&#x17D2;&#x179A;&#x17BD;&#x1799; &#x178A;&#x17B6;&#x17C6;&#x178A;&#x17BB;&#x17C7;&#x1780;&#x17D2;&#x1793;&#x17BB;&#x1784;&#x179B;&#x1780;&#x17D2;&#x1781;&#x1781;&#x178E;&#x17D2;&#x178C;&#x179F;&#x17B6;&#x1780;&#x179B;&#x179C;&#x17B7;&#x1791;&#x17D2;&#x1799;&#x17B6;&#x179B;&#x17D0;&#x1799;&#x1797;&#x17BC;&#x1798;&#x17B7;&#x1793;&#x17D2;&#x1791;&#x1780;&#x179F;&#x17B7;&#x1780;&#x1798;&#x17D2;&#x1798;</subfield>
  </datafield>
  <datafield tag="260" ind1=" " ind2=" ">
    <subfield code="a">PHNOM PENH</subfield>
    <subfield code="b">RUA</subfield>
    <subfield code="c">2024</subfield>
  </datafield>
  <datafield tag="300" ind1=" " ind2=" ">
    <subfield code="a">ix,</subfield>
    <subfield code="b">ill,</subfield>
    <subfield code="c">29cm,</subfield>
  </datafield>
  <datafield tag="942" ind1=" " ind2=" ">
    <subfield code="c">AGR</subfield>
  </datafield>
  <datafield tag="999" ind1=" " ind2=" ">
    <subfield code="c">25314</subfield>
    <subfield code="d">25314</subfield>
  </datafield>
  <datafield tag="952" ind1=" " ind2=" ">
    <subfield code="0">0</subfield>
    <subfield code="1">0</subfield>
    <subfield code="4">0</subfield>
    <subfield code="6">AGR_SIE_2024_000000000000000_B542_OR_1</subfield>
    <subfield code="7">0</subfield>
    <subfield code="9">105481</subfield>
    <subfield code="a">LBB</subfield>
    <subfield code="b">LBB</subfield>
    <subfield code="c">B542</subfield>
    <subfield code="d">2025-06-20</subfield>
    <subfield code="l">1</subfield>
    <subfield code="o">AGR SIE 2024 B542 Or.1</subfield>
    <subfield code="p">A083917</subfield>
    <subfield code="r">2025-11-29</subfield>
    <subfield code="s">2025-11-28</subfield>
    <subfield code="y">AGR</subfield>
  </datafield>
  <datafield tag="952" ind1=" " ind2=" ">
    <subfield code="0">0</subfield>
    <subfield code="1">0</subfield>
    <subfield code="4">0</subfield>
    <subfield code="6">AGR_SIE_2024_000000000000000_B542_OR_2</subfield>
    <subfield code="7">0</subfield>
    <subfield code="9">105482</subfield>
    <subfield code="a">LBB</subfield>
    <subfield code="b">LBB</subfield>
    <subfield code="c">B542</subfield>
    <subfield code="d">2025-06-20</subfield>
    <subfield code="l">1</subfield>
    <subfield code="o">AGR SIE 2024 B542 Or.2</subfield>
    <subfield code="p">A083927</subfield>
    <subfield code="r">2025-07-29</subfield>
    <subfield code="s">2025-07-04</subfield>
    <subfield code="y">AGR</subfield>
  </datafield>
</record>
